The Very First Night (TV) - Taylor Swift (All Lyrics) - Statistics

General Stats
  • This quiz has been taken 142 times
  • The average score is 374 of 402
Answer Stats
Lyrics % Correct
first
100%
the
100%
very
100%
back
99%
Back
99%
go
99%
I
99%
"I
99%
I'd
99%
in
99%
night
99%
night"
99%
time
99%
we
99%
We
99%
and
97%
And
97%
could
97%
fly
97%
it
97%
like
97%
was
97%
wish
97%
you
97%
you,
97%
you?
97%
"Do
96%
don't
96%
know
96%
miss
96%
pick
96%
to
96%
up
96%
about
95%
sky
95%
they
95%
They
95%
this
95%
we'd
95%
hotel
94%
so
94%
write
94%
'Cause
92%
how
92%
me
92%
me),
92%
me)
92%
much
92%
all
91%
goes
91%
on
91%
when
91%
both
90%
party
90%
But
89%
fell
89%
No
89%
same
89%
Take
89%
take
89%
(Take
89%
Then
89%
were
89%
car
87%
each
87%
Every
87%
LA
87%
other's
87%
say
87%
broke
86%
different
86%
fall
86%
one
86%
roads
86%
away,
85%
away
85%
down
85%
drive
85%
forget
85%
hearts
85%
lead
85%
Not
85%
Polaroid
85%
that
85%
apart
84%
at
84%
picture
84%
through
84%
whisper
84%
write
84%
did
82%
Didn't
82%
didn't
82%
going
82%
love
82%
never
82%
remember
82%
weekend,
82%
comin'
81%
friends
81%
hallway
81%
I'm
81%
knows
81%
My
81%
ridin'
81%
broken
80%
children
80%
hearted
80%
out
80%
saw
80%
seem
80%
built
78%
Everything
78%
then,
78%
note
77%
runnin'
77%
status
76%
trying
76%
alone
75%
phone
75%
quo
75%
read
75%
words
75%
whispered
73%
chase
72%
kitchen,
72%
as
71%
weren't
71%
Dance
65%
No matching quizzes found
Score Distribution
Percent of People with Each Score
Percentile by Number Answered
Your Score History
You have not taken this quiz